<?xml version="1.0" encoding="UTF-8"?><marc:collection xmlns:marc="http://www.loc.gov/MARC21/slim">
  <marc:record>
    <marc:leader>02530nas a2200553 c 4500</marc:leader>
    <marc:controlfield tag="001">010003789</marc:controlfield>
    <marc:controlfield tag="003">DE-101</marc:controlfield>
    <marc:controlfield tag="005">20250905081526.0</marc:controlfield>
    <marc:controlfield tag="007">tu</marc:controlfield>
    <marc:controlfield tag="008">991118d18711965gw z||p|  ||| 0||||1ger c</marc:controlfield>
    <marc:datafield tag="016" ind1="7" ind2=" ">
      <marc:subfield code="2">DE-600</marc:subfield>
      <marc:subfield code="a">458-3</marc:subfield>
    </marc:datafield>
    <marc:datafield tag="016" ind1="7" ind2=" ">
      <marc:subfield code="2">DE-101</marc:subfield>
      <marc:subfield code="a">010003789</marc:subfield>
    </marc:datafield>
    <marc:datafield tag="022" ind1=" " ind2=" ">
      <marc:subfield code="a">0376-0200</marc:subfield>
    </marc:datafield>
    <marc:datafield tag="022" ind1=" " ind2=" ">
      <marc:subfield code="a">0376-0200</marc:subfield>
      <marc:subfield code="2">6</marc:subfield>
    </marc:datafield>
    <marc:datafield tag="030" ind1=" " ind2=" ">
      <marc:subfield code="a">AKEOA</marc:subfield>
    </marc:datafield>
    <marc:datafield tag="030" ind1=" " ind2=" ">
      <marc:subfield code="a">AGAOA</marc:subfield>
    </marc:datafield>
    <marc:datafield tag="035" ind1=" " ind2=" ">
      <marc:subfield code="a">(DE-599)ZDB458-3</marc:subfield>
    </marc:datafield>
    <marc:datafield tag="035" ind1=" " ind2=" ">
      <marc:subfield code="a">(OCoLC)1367290924</marc:subfield>
    </marc:datafield>
    <marc:datafield tag="040" ind1=" " ind2=" ">
      <marc:subfield code="a">9001</marc:subfield>
      <marc:subfield code="b">ger</marc:subfield>
      <marc:subfield code="c">DE-101</marc:subfield>
      <marc:subfield code="d">1140</marc:subfield>
    </marc:datafield>
    <marc:datafield tag="041" ind1=" " ind2=" ">
      <marc:subfield code="a">ger</marc:subfield>
    </marc:datafield>
    <marc:datafield tag="042" ind1=" " ind2=" ">
      <marc:subfield code="a">zdb</marc:subfield>
    </marc:datafield>
    <marc:datafield tag="044" ind1=" " ind2=" ">
      <marc:subfield code="c">XA-DE</marc:subfield>
    </marc:datafield>
    <marc:datafield tag="082" ind1="7" ind2="4">
      <marc:subfield code="a">610</marc:subfield>
      <marc:subfield code="q">DE-600</marc:subfield>
      <marc:subfield code="2">22sdnb</marc:subfield>
    </marc:datafield>
    <marc:datafield tag="084" ind1=" " ind2=" ">
      <marc:subfield code="a">XA 10000</marc:subfield>
      <marc:subfield code="2">rvk</marc:subfield>
    </marc:datafield>
    <marc:datafield tag="210" ind1="0" ind2="0">
      <marc:subfield code="a">Arch. Klin. Exp. Ophthalmol.</marc:subfield>
    </marc:datafield>
    <marc:datafield tag="210" ind1="0" ind2="0">
      <marc:subfield code="a">Albrecht von Graefes Arch. Ophthalmol.</marc:subfield>
    </marc:datafield>
    <marc:datafield tag="210" ind1="0" ind2="0">
      <marc:subfield code="a">ALBRECHT VON GRAEFES ARCHIV OPHTHALMOL</marc:subfield>
    </marc:datafield>
    <marc:datafield tag="222" ind1=" " ind2="0">
      <marc:subfield code="a">Albrecht von Graefes Archiv für Ophthalmologie</marc:subfield>
    </marc:datafield>
    <marc:datafield tag="245" ind1="0" ind2="0">
      <marc:subfield code="a">Albrecht von Graefes Archiv für Ophthalmologie</marc:subfield>
      <marc:subfield code="c">hrsg. von E. Engelking [u.a.]</marc:subfield>
    </marc:datafield>
    <marc:datafield tag="246" ind1="3" ind2=" ">
      <marc:subfield code="a">Graefes Archiv für Ophthalmologie</marc:subfield>
    </marc:datafield>
    <marc:datafield tag="264" ind1="3" ind2="1">
      <marc:subfield code="a">Berlin</marc:subfield>
      <marc:subfield code="a">Göttingen</marc:subfield>
      <marc:subfield code="a">Heidelberg</marc:subfield>
      <marc:subfield code="b">Springer</marc:subfield>
      <marc:subfield code="c">1871-1965</marc:subfield>
    </marc:datafield>
    <marc:datafield tag="264" ind1="3" ind2="1">
      <marc:subfield code="a">München</marc:subfield>
      <marc:subfield code="b">Bergmann</marc:subfield>
      <marc:subfield code="c">1871-1965</marc:subfield>
    </marc:datafield>
    <marc:datafield tag="336" ind1=" " ind2=" ">
      <marc:subfield code="a">Text</marc:subfield>
      <marc:subfield code="b">txt</marc:subfield>
      <marc:subfield code="2">rdacontent</marc:subfield>
    </marc:datafield>
    <marc:datafield tag="337" ind1=" " ind2=" ">
      <marc:subfield code="a">ohne Hilfsmittel zu benutzen</marc:subfield>
      <marc:subfield code="b">n</marc:subfield>
      <marc:subfield code="2">rdamedia</marc:subfield>
    </marc:datafield>
    <marc:datafield tag="338" ind1=" " ind2=" ">
      <marc:subfield code="a">Band</marc:subfield>
      <marc:subfield code="b">nc</marc:subfield>
      <marc:subfield code="2">rdacarrier</marc:subfield>
    </marc:datafield>
    <marc:datafield tag="362" ind1="0" ind2=" ">
      <marc:subfield code="a">17.1871 - 147.1944/45,3; 148.1947/48,1/2(Sept.) - 168.1965,1</marc:subfield>
    </marc:datafield>
    <marc:datafield tag="363" ind1="0" ind2="0">
      <marc:subfield code="8">1.1\x</marc:subfield>
      <marc:subfield code="a">17</marc:subfield>
      <marc:subfield code="i">1871</marc:subfield>
    </marc:datafield>
    <marc:datafield tag="363" ind1="1" ind2="0">
      <marc:subfield code="8">1.2\x</marc:subfield>
      <marc:subfield code="a">147</marc:subfield>
      <marc:subfield code="b">3</marc:subfield>
      <marc:subfield code="i">1944/45</marc:subfield>
    </marc:datafield>
    <marc:datafield tag="363" ind1="0" ind2="0">
      <marc:subfield code="8">2.1\x</marc:subfield>
      <marc:subfield code="a">148</marc:subfield>
      <marc:subfield code="b">1/2</marc:subfield>
      <marc:subfield code="i">1947/48</marc:subfield>
    </marc:datafield>
    <marc:datafield tag="363" ind1="1" ind2="0">
      <marc:subfield code="8">2.2\x</marc:subfield>
      <marc:subfield code="a">168</marc:subfield>
      <marc:subfield code="b">1</marc:subfield>
      <marc:subfield code="i">1965</marc:subfield>
    </marc:datafield>
    <marc:datafield tag="555" ind1="8" ind2=" ">
      <marc:subfield code="a">Index ersch. alle 10 Jahre</marc:subfield>
    </marc:datafield>
    <marc:datafield tag="591" ind1=" " ind2=" ">
      <marc:subfield code="a">F/GC</marc:subfield>
    </marc:datafield>
    <marc:datafield tag="655" ind1=" " ind2="7">
      <marc:subfield code="0">(DE-588)4067488-5</marc:subfield>
      <marc:subfield code="0">https://d-nb.info/gnd/4067488-5</marc:subfield>
      <marc:subfield code="0">(DE-101)040674886</marc:subfield>
      <marc:subfield code="a">Zeitschrift</marc:subfield>
      <marc:subfield code="2">gnd-content</marc:subfield>
    </marc:datafield>
    <marc:datafield tag="776" ind1="0" ind2="8">
      <marc:subfield code="i">Erscheint auch als</marc:subfield>
      <marc:subfield code="n">Online-Ausgabe</marc:subfield>
      <marc:subfield code="t">Albrecht von Graefes Archiv für Ophthalmologie</marc:subfield>
      <marc:subfield code="d">Berlin ; Heidelberg : Springer, 1871-1965</marc:subfield>
      <marc:subfield code="h">Online-Ressource</marc:subfield>
      <marc:subfield code="x">3053-4461</marc:subfield>
      <marc:subfield code="w">(DE-600)3211803-X</marc:subfield>
      <marc:subfield code="w">(DE-101)136264207X</marc:subfield>
    </marc:datafield>
    <marc:datafield tag="776" ind1="0" ind2="8">
      <marc:subfield code="i">Elektronische Reproduktion</marc:subfield>
      <marc:subfield code="t">Albrecht von Graefes Archiv für Ophthalmologie</marc:subfield>
      <marc:subfield code="d">Berlin ; Göttingen ; Heidelberg : Springer, 1871-1965</marc:subfield>
      <marc:subfield code="h">Online-Ressource</marc:subfield>
      <marc:subfield code="w">(DE-600)2749161-4</marc:subfield>
      <marc:subfield code="w">(DE-101)1046057987</marc:subfield>
    </marc:datafield>
    <marc:datafield tag="780" ind1="0" ind2="0">
      <marc:subfield code="i">Fortsetzung von</marc:subfield>
      <marc:subfield code="t">Archiv für Ophthalmologie</marc:subfield>
      <marc:subfield code="d">Berlin : [Verlag nicht ermittelbar], 1854-1870</marc:subfield>
      <marc:subfield code="x">0721-8494</marc:subfield>
      <marc:subfield code="w">(DE-600)200033-7</marc:subfield>
      <marc:subfield code="w">(DE-101)011133910</marc:subfield>
    </marc:datafield>
    <marc:datafield tag="780" ind1="0" ind2="5">
      <marc:subfield code="i">Darin aufgegangen</marc:subfield>
      <marc:subfield code="t">Archiv für Augenheilkunde</marc:subfield>
      <marc:subfield code="d">München : Bergmann, 1879-1937</marc:subfield>
      <marc:subfield code="x">0931-637X</marc:subfield>
      <marc:subfield code="w">(DE-600)200026-X</marc:subfield>
      <marc:subfield code="w">(DE-101)011133864</marc:subfield>
    </marc:datafield>
    <marc:datafield tag="785" ind1="0" ind2="0">
      <marc:subfield code="i">Fortgesetzt durch</marc:subfield>
      <marc:subfield code="t">Albrecht von Graefes Archiv für klinische und experimentelle Ophthalmologie</marc:subfield>
      <marc:subfield code="d">Berlin ; Heidelberg [u.a.] : Springer, 1965-1981</marc:subfield>
      <marc:subfield code="x">0065-6100</marc:subfield>
      <marc:subfield code="w">(DE-600)7046-4</marc:subfield>
      <marc:subfield code="w">(DE-101)010094970</marc:subfield>
    </marc:datafield>
    <marc:datafield tag="850" ind1=" " ind2=" ">
      <marc:subfield code="a">DE-101a</marc:subfield>
      <marc:subfield code="a">DE-101b</marc:subfield>
    </marc:datafield>
  </marc:record>
</marc:collection>
